LEADER 01056nam0-22003131i-450- 001 990007690340403321 005 20110727104724.0 035 $a000769034 035 $aFED01000769034 035 $a(Aleph)000769034FED01 035 $a000769034 100 $a20030814d--------km-y0itay50------ba 101 0 $aita 200 1 $a<>SISTEMA bancario italiano e l'integrazione dei mercati$eun confronto delle strutture e degli ordinamenti deiprincipali paesi$fa cura di Forestieri e Onado 210 $aMilano$cEGEA$dcopyr. 1989. 215 $aXV, 422 p.$d24 cm 225 1 $aNEWFIN. Centro studi di sull'Innovazione Finanziaria della Universita Bocconi$v3 676 $a346.08 702 1$aForestieri,$bGiancarlo$f<1947- > 702 1$aOnado,$bMarco$f<1941- > 801 0$aIT$bUNINA$gRICA$2UNIMARC 901 $aBK 912 $a990007690340403321 952 $a21-CB-392$b1612$fDDCP 952 $aJ/2.11 FOR$b9258$fSES 959 $aDDCP 959 $aSES 996 $aSistema bancario italiano e l'integrazione dei mercati$956005 997 $aUNINA LEADER 03083nam 2201045z- 450 001 9910557503503321 005 20210501 035 $a(CKB)5400000000044521 035 $a(oapen)https://directory.doabooks.org/handle/20.500.12854/68590 035 $a(oapen)doab68590 035 $a(EXLCZ)995400000000044521 100 $a20202105d2020 |y 0 101 0 $aeng 135 $aurmn|---annan 181 $ctxt$2rdacontent 182 $cc$2rdamedia 183 $acr$2rdacarrier 200 00$aTeaching Dante 210 $aBasel, Switzerland$cMDPI - Multidisciplinary Digital Publishing Institute$d2020 215 $a1 online resource (140 p.) 311 08$a3-03928-472-X 311 08$a3-03928-473-8 330 $aIn October 2018, Samford University hosted Teaching Dante, a conference designed to help non-specialists teach the work of the Florentine poet more effectively in undergraduate core and general education courses. This volume of essays on the Divine Comedy includes a keynote address by Albert Russell Ascoli (UC-Berkeley), as well as a selection of top papers from the conference 606 $aReligion & beliefs$2bicssc 610 $aAugustine 610 $aBeatrice 610 $acaritas 610 $aCatholicism 610 $aChrist 610 $aChristian Humanism 610 $aCommedia 610 $aConfessions 610 $acore and general education curricula 610 $acore curriculum 610 $aDante 610 $aDante Alighieri 610 $aDivine Comedy 610 $aeducation 610 $aEmmaus 610 $aEric Auerbach 610 $aethics 610 $afigura 610 $aformation 610 $afriendship 610 $aGospel of Luke 610 $agreat books 610 $agreat books programs 610 $aGreat Books programs 610 $ahigher education 610 $ahistory of theology 610 $aHomer 610 $ahope 610 $aInferno 610 $ainterdisciplinarity 610 $ainterdisciplinary 610 $aliterary studies 610 $aLiterature Pedagogy 610 $alove 610 $amedieval astrology 610 $amedieval theology 610 $aMilton 610 $anoumena 610 $aParadiso 610 $apedagogy 610 $aphilosophy 610 $apoetry 610 $aprayer 610 $aPurgatorio 610 $aRichard Rorty 610 $aSpenser 610 $asymbolism 610 $ateaching 610 $aThe Christian Intellectual Tradition 610 $aThe Divine Comedy 610 $athe liberal arts 610 $aThe Odyssey 610 $atheology 610 $atheology and poetry 610 $aUlysses 610 $aundergraduate seminar 610 $aunderstanding 610 $aVirgil 610 $avirtue 615 7$aReligion & beliefs 700 $aMetress$b Christopher$4edt$01322280 702 $aMetress$b Christopher$4oth 906 $aBOOK 912 $a9910557503503321 996 $aTeaching Dante$93034750 997 $aUNINA